000 01264nam0a22002771i 4500
001 rc\4781632
005 20240726054301.0
021 _aRU
_b[64-40595ж]
035 _a(NLR Aleph) 009029683
090 _a9481082
_c9481082
100 _a20130417d1964 |||y0rusy50 ca
101 0 _arus
102 _aRU
105 _aa z |||||
200 1 _aНовые способы и модификации операций на органах брюшной полости и некоторые вопросы клинической медицины
_e[Сборник статей
_fРед. коллегия: доц. Н.Р. Иванов (отв. ред.) и др.]
210 _aСаратов
_cБ. и.
_d1964
215 _a387 с.
_cил.
_d22
225 1 _aСаратовский государственный медицинский институт. Сборник научных работ
_vТ. 44 (61)
320 _aБиблиогр. в конце статей
606 _aКлиническая медицина
_jСборники
_2psbo
606 _aБрюшная полость
_xХирургия
_jСборники
_2psbo
702 1 _aИванов
_bН.Р.
_4340
801 0 _aRU
_bNLR
_gpsbo
801 1 _aRU
_bELAR
_2rusmarc
852 _aNLR
_jП16/335
942 _cBOOK